县级行政区知识问答#24 金州区 Jinzhou Multiple-choice - Statistics

General Stats
  • This quiz has been taken 10 times
  • The average score is 6 of 10
Answer Stats
Question Answer % Correct
金州区“七顶山满族乡”的传统民居特色是? 口袋房万字炕
100%
金州区“金石滩”的独特地貌形成于哪种地质作用? 海蚀风化
89%
金州区“大魏家街道”以哪种水果闻名? 樱桃
89%
金州区“向应广场”的主要文化意义是? 红色纪念
89%
金州区最高峰是哪座山? 大黑山
56%
金州区境内最长的河流是? 登沙河
44%
金州区“金州古城”始建于哪个朝代? 明代
44%
金州区国家级非遗“金州龙舞”的表演形式是? 高跷龙舞
44%
金州区“蚂蚁岛”的生态保护重点是? 斑海豹栖息地
33%
金州区“响水寺”始建于哪个朝代? 唐代
0%
No matching quizzes found
Score Distribution
Percent of People with Each Score
Percentile by Number Answered
Your Score History
You have not taken this quiz